[Event "KL Chess Open 2014"]
[Site "Kuala Lumpur MAS"]
[Date "2014.04.04"]
[Round "1.24"]
[White "Tejaswini, Sagar"]
[Black "Lodhi, Mahmood"]
[Result "1-0"]
[WhiteTitle "WCM"]
[BlackTitle "IM"]
[WhiteElo "1931"]
[BlackElo "2358"]
[WhiteFideId "5054290"]
[BlackFideId "7800010"]
[EventDate "2014.04.04"]

1. e4 e5 2. Nf3 Nc6 3. Bc4 Bc5 4. O-O Nf6 5. d4 Bxd4 6. Nxd4 Nxd4 7. f4 Nc6 8.
Bxf7+ Kxf7 9. fxe5 Nxe5 10. Qd5+ Kf8 11. Qxe5 d6 12. Qd4 Kf7 13. Bg5 c6 14. Nc3
Kg6 15. Bxf6 gxf6 16. Rad1 Re8 17. Qxd6 Qxd6 18. Rxd6 Be6 19. Rfd1 Kf7 20. h3
Re7 21. Ne2 Rg8 22. Nf4 Rg5 23. Nxe6 Rxe6 24. Rxe6 Kxe6 25. Kf2 Rc5 26. c3 a5
27. Rd4 b5 28. Kf3 h5 29. g4 hxg4+ 30. hxg4 a4 31. a3 Ke7 32. Kf4 Ke6 33. Rd8
Ke7 34. Rh8 Ke6 35. Rh5 Rc4 36. Rf5 Ke7 37. g5 fxg5+ 38. Rxg5 Ke6 39. Rh5 Kd7
40. Rh7+ Ke6 41. Rh6+ Kd7 42. Kf5 b4 43. Rh7+ Kc8 44. cxb4 Rc2 45. Ra7 Rxb2 46.
Rxa4 Rf2+ 47. Ke6 Kc7 48. e5 Rh2 49. Ra7+ Kb6 50. Ra5 Rh3 51. Kd6 Rd3+ 52. Ke7
Rh3 53. e6 Kc7 54. Rc5 Rxa3 55. Kf8 Ra8+ 56. Kf7 Rh8 57. e7 Kd7 58. Re5 Rh7+ 59.
Kf8 Rh8+ 60. Kg7 1-0

[Event "KL Chess Open 2014"]
[Site "Kuala Lumpur MAS"]
[Date "2014.04.04"]
[Round "1.25"]
[White "Wohl, Aleksandar H."]
[Black "Fong, Yit Ho"]
[Result "0-1"]
[WhiteTitle "IM"]
[WhiteElo "2355"]
[BlackElo "1931"]
[WhiteFideId "3200345"]
[BlackFideId "5702780"]
[EventDate "2014.04.04"]

1. e4 c5 2. Nf3 d6 3. c3 Nf6 4. Be2 g6 5. O-O Bg7 6. Bb5+ Bd7 7. Bxd7+ Nbxd7 8.
Re1 O-O 9. d4 e5 10. dxe5 Nxe5 11. Nxe5 dxe5 12. Nd2 b6 13. Qf3 Qc7 14. Nf1 Qc6
15. Bg5 Nd7 16. Ne3 f6 17. Nd5 Rae8 18. Bh4 c4 19. Qe2 b5 20. b3 Nb6 21. Red1
Nxd5 22. exd5 Qc8 23. f3 Rf7 24. Rab1 Rd7 25. bxc4 Qxc4 26. Qxc4 bxc4 27. Rb4
Rc8 28. Bf2 Bf8 29. Ra4 Bc5 30. Ra5 Bxf2+ 31. Kxf2 Kf7 32. Ke3 Ke7 33. f4 exf4+
34. Kxf4 Kd6 35. Re1 Rc5 36. Ra6+ Kc7 37. Rxa7+ Kd8 38. Rxd7+ Kxd7 39. Ke4 Kd6
40. Re2 Rxd5 41. Rb2 Rd3 42. Rc2 Ke6 43. g4 Kd6 44. h4 Kc5 45. a4 Rh3 46. h5
gxh5 47. gxh5 Rxh5 48. Ra2 Rh4+ 49. Kf5 Kb6 50. Kxf6 Ka5 51. Ke5 Rg4 52. Rh2
Kxa4 53. Rxh7 Kb3 54. Rh3 Rg1 55. Kd4 Rd1+ 56. Kc5 Rd3 57. Rh1 Rg3 58. Ra1 Rg4
59. Rb1+ Kxc3 60. Kb5 Kc2 61. Rb4 Kd3 62. Ka4 Rg8 63. Ka3 Kc3 64. Ra4 Rb8 65.
Ka2 Kd3 66. Ra7 Kc2 67. Ka1 c3 68. Ra2+ Kc1 69. Ra7 c2 70. Ka2 Rd8 0-1

[Event "KL Chess Open 2014"]
[Site "Kuala Lumpur MAS"]
[Date "2014.04.04"]
[Round "1.26"]
[White "Tan, Li Ting"]
[Black "Medina, Warda Aulia"]
[Result "0-1"]
[BlackTitle "WGM"]
[WhiteElo "1928"]
[BlackElo "2332"]
[WhiteFideId "5704820"]
[BlackFideId "7101570"]
[EventDate "2014.04.04"]

1. d4 Nf6 2. c4 e6 3. Nf3 b6 4. g3 Bb4+ 5. Bd2 Be7 6. Bg2 Bb7 7. O-O O-O 8. Nc3
d6 9. Re1 Nbd7 10. e4 e5 11. dxe5 Nxe5 12. Qe2 Re8 13. Rad1 Qc8 14. Nd4 Bf8 15.
f3 g6 16. Be3 Bg7 17. b3 a6 18. Nd5 b5 19. Qc2 bxc4 20. bxc4 c5 21. Nb3 Nxd5 22.
exd5 a5 23. Nd2 Ba6 24. Rb1 Qc7 25. h3 Rab8 26. Rxb8 Rxb8 27. f4 Rb2 28. Qa4 Nd3
29. Rd1 Qe7 30. Nf1 Rxg2+ 31. Kxg2 Nb2 32. Qc2 Nxd1 33. Qxd1 Qe4+ 34. Kf2 Bxc4
35. Nd2 Qd3 0-1

[Event "KL Chess Open 2014"]
[Site "Kuala Lumpur MAS"]
[Date "2014.04.04"]
[Round "1.27"]
[White "Yeoh, Li Tian"]
[Black "Low, Zhen Yu Cyrus"]
[Result "1/2-1/2"]
[WhiteElo "2328"]
[BlackElo "1921"]
[WhiteFideId "5702895"]
[BlackFideId "5804175"]
[EventDate "2014.04.04"]

1. e4 c5 2. c3 d5 3. exd5 Qxd5 4. d4 Nc6 5. Nf3 Bg4 6. Be2 cxd4 7. cxd4 e6 8.
O-O Nf6 9. h3 Bh5 10. Nc3 Qa5 11. Be3 Bd6 12. a3 O-O 13. Qb3 Rab8 14. Rfd1 Rfd8
15. Rac1 h6 16. Qa2 Nd5 17. Nxd5 exd5 18. Qb3 Qc7 19. Qa4 Qe7 20. b4 a6 21. Qb3
Rbc8 22. Kf1 Bb8 23. Rc3 Ba7 24. Rdc1 Bxf3 25. Bxf3 Bxd4 26. Rxc6 Rxc6 27. Rxc6
Bxe3 28. Rc2 Bg5 29. Bxd5 Qd7 30. Bf3 Re8 31. Bg4 Qb5+ 32. Kg1 g6 33. Qc3 Qe5
34. Qxe5 Rxe5 35. g3 Re1+ 36. Kg2 Rc1 37. Re2 Rc3 38. h4 Bf6 39. Re8+ Kg7 40.
Rb8 b5 41. Rb7 Rc6 42. Bd1 Rc3 43. Bf3 Rd3 44. h5 Rd6 45. hxg6 Kxg6 46. Be4+ Kg7
47. Bc2 Bb2 48. a4 bxa4 49. Bxa4 Bd4 50. Bb3 Rb6 51. Rxf7+ Kg6 52. Rd7 Rxb4 53.
Bc2+ Kf6 54. Rd6+ Kg7 55. Rg6+ Kf7 56. Rxh6 Rb2 57. Rc6 a5 58. Rc4 Bb6 59. f4 a4
60. Kh3 a3 61. Be4 Rd2 62. Ra4 Rd4 63. Rxd4 Bxd4 64. g4 Bb6 65. g5 Kg7 66. Bb1
Bc7 67. Kg4 Bb8 68. Ba2 Bc7 69. Kf5 Bb8 70. Ke4 Bc7 71. Bb1 Bd6 72. Ba2 Bc7 73.
Be6 Bd6 74. Ba2 1/2-1/2

[Event "KL Chess Open 2014"]
[Site "Kuala Lumpur MAS"]
[Date "2014.04.04"]
[Round "1.28"]
[White "Tan, Jun Feng"]
[Black "Sukandar, Irine Kharisma"]
[Result "0-1"]
[BlackTitle "WGM"]
[WhiteElo "1911"]
[BlackElo "2319"]
[WhiteFideId "5704537"]
[BlackFideId "7101937"]
[EventDate "2014.04.04"]

1. e4 c5 2. Nf3 Nc6 3. c3 d6 4. d4 Nf6 5. Be2 cxd4 6. cxd4 Nxe4 7. d5 Qa5+ 8.
Nc3 Nb8 9. O-O Nxc3 10. bxc3 Nd7 11. Be3 Nf6 12. Rb1 Qc7 13. Qb3 g6 14. Bb5+ Bd7
15. Bxd7+ Qxd7 16. Qxb7 Qxb7 17. Rxb7 Nxd5 18. Bd4 e5 19. c4 Ne7 20. Nxe5 dxe5
21. Bxe5 Rg8 22. Re1 f5 23. Bd6 Rg7 24. c5 Kd8 25. Rd1 Ke8 26. Re1 Kd8 27. Be5
Rf7 28. c6 Rc8 29. Rc1 Bh6 30. f4 Ke8 31. c7 Bg7 32. Bxg7 Rxg7 33. Rc5 Kd7 34.
Rxa7 Nc6 35. Ra3 Rxc7 36. Rac3 Kd6 0-1

[Event "KL Chess Open 2014"]
[Site "Kuala Lumpur MAS"]
[Date "2014.04.04"]
[Round "1.29"]
[White "Mariano, Nelson III"]
[Black "Darinowijono, Hermanu Latif"]
[Result "1-0"]
[WhiteTitle "FM"]
[WhiteElo "2318"]
[BlackElo "1903"]
[WhiteFideId "5201748"]
[BlackFideId "5716284"]
[EventDate "2014.04.04"]

1. e4 d6 2. Nc3 g6 3. Nge2 Bg7 4. g3 Nf6 5. Bg2 Nc6 6. O-O O-O 7. d3 e5 8. h3
Ne7 9. f4 c6 10. g4 exf4 11. Bxf4 Ne8 12. Kh1 Be6 13. Qd2 d5 14. Ng3 Qa5 15.
Nxd5 1-0

[Event "KL Chess Open 2014"]
[Site "Kuala Lumpur MAS"]
[Date "2014.04.04"]
[Round "1.30"]
[White "Izzuddin, Zain"]
[Black "Turqueza, Mari Joseph"]
[Result "0-1"]
[BlackTitle "FM"]
[WhiteElo "1881"]
[BlackElo "2295"]
[WhiteFideId "10500677"]
[BlackFideId "5204674"]
[EventDate "2014.04.04"]

1. d4 Nf6 2. c4 e6 3. Nf3 b6 4. g3 Ba6 5. b3 Bb4+ 6. Nbd2 d5 7. Qc2 O-O 8. Bg2
c5 9. a3 Bxd2+ 10. Bxd2 dxc4 11. Ne5 cxb3 12. Qxb3 Nd5 13. dxc5 Qc7 14. Nc4 Nd7
15. Ne3 Nxc5 16. Nxd5 exd5 17. Qd1 Rfe8 18. Bf3 Qe5 19. Kf1 Rad8 20. Be3 d4 21.
Bf4 Qe7 0-1

[Event "KL Chess Open 2014"]
[Site "Kuala Lumpur MAS"]
[Date "2014.04.04"]
[Round "1.31"]
[White "Hakiki, Kaisar Jenius"]
[Black "Lim, Kian Hwa"]
[Result "1/2-1/2"]
[WhiteTitle "FM"]
[WhiteElo "2291"]
[BlackElo "1851"]
[WhiteFideId "7102097"]
[BlackFideId "5700744"]
[EventDate "2014.04.04"]

1. e4 e5 2. Nf3 Nc6 3. d4 exd4 4. Nxd4 d6 5. Bc4 Be7 6. Nxc6 bxc6 7. Qh5 d5 8.
Bd3 Nf6 9. Qe2 O-O 10. e5 Re8 11. O-O Bd6 12. f4 Ng4 13. h3 Bc5+ 14. Kh1 Qh4 15.
Qf3 Nf2+ 16. Kh2 Ng4+ 17. Kh1 1/2-1/2

[Event "KL Chess Open 2014"]
[Site "Kuala Lumpur MAS"]
[Date "2014.04.04"]
[Round "1.32"]
[White "Wettasinha, Vasanta"]
[Black "Safranska, Anda"]
[Result "0-1"]
[BlackTitle "WGM"]
[WhiteElo "1784"]
[BlackElo "2286"]
[WhiteFideId "9904433"]
[BlackFideId "11600209"]
[EventDate "2014.04.04"]

1. e4 c6 2. d4 g6 3. c4 Bg7 4. Nc3 d6 5. Nf3 Nf6 6. h3 O-O 7. Be2 a6 8. a4 a5 9.
O-O Na6 10. Be3 Nb4 11. Qd2 Re8 12. Rac1 Qc7 13. Rfd1 Nd7 14. Bh6 e5 15. Bxg7
Kxg7 16. d5 c5 17. Nb5 Qb6 18. Rf1 Nf6 19. Bd3 Nh5 20. Rfe1 Qd8 21. Bf1 h6 22.
g3 Rf8 23. Qe2 Nf6 24. Nd2 Ne8 25. f4 Qf6 26. Qf2 Bd7 27. fxe5 Qxe5 28. Nf3 Qe7
29. Nc3 f6 30. Re3 Nc7 31. Rce1 Rae8 32. Kh2 Na8 33. Qd2 Nb6 34. b3 Bc8 35. Bg2
Nd7 36. Nb5 Ne5 37. Nxe5 fxe5 38. R3e2 Bd7 39. Nc3 Rf6 40. Rf1 Ref8 41. Ref2
Rxf2 42. Rxf2 Rxf2 43. Qxf2 Qg5 44. Qe1 Nc2 45. Qd1 Nd4 46. Nb5 Bxb5 47. axb5 h5
48. Qe1 b6 49. h4 Qf6 50. Qe3 Kh7 51. Kg1 Qf8 52. Kh2 Qh6 53. Qf2 Kg7 54. Bh3
Qc1 55. Bg2 Nxb3 0-1

[Event "KL Chess Open 2014"]
[Site "Kuala Lumpur MAS"]
[Date "2014.04.04"]
[Round "1.33"]
[White "Sihite, Chelsie Monica"]
[Black "Vucak, Mark"]
[Result "1-0"]
[WhiteTitle "WIM"]
[WhiteElo "2281"]
[BlackElo "1771"]
[WhiteFideId "7101198"]
[BlackFideId "3218937"]
[EventDate "2014.04.04"]

1. e4 e5 2. Nf3 Nc6 3. Bc4 Bc5 4. c3 Nf6 5. d3 a6 6. Bb3 d6 7. O-O h6 8. Be3 O-O
9. Nbd2 Bxe3 10. fxe3 Be6 11. d4 Bxb3 12. Qxb3 Rb8 13. Rad1 Qe8 14. d5 Ne7 15.
c4 b6 16. Nh4 Nh7 17. Qd3 g6 18. b4 Kg7 19. c5 b5 20. Rc1 Qd8 21. g3 Qd7 22. Qe2
Ng5 23. g4 f6 24. Qg2 Rf7 25. c6 Qc8 26. Nhf3 Qh8 27. h4 Nxf3+ 28. Rxf3 Qc8 29.
Rcf1 g5 30. hxg5 hxg5 31. Rh3 Ng6 32. Nf3 Kf8 33. Rh6 Kg7 34. Qh3 Qg8 35. Qh5
Ne7 36. Nxg5 Kf8 37. Rh8 1-0

[Event "KL Chess Open 2014"]
[Site "Kuala Lumpur MAS"]
[Date "2014.04.04"]
[Round "1.34"]
[White "Lim, Ming Xian"]
[Black "Hoang, Thi Bao Tram"]
[Result "0-1"]
[BlackTitle "WGM"]
[WhiteElo "1729"]
[BlackElo "2280"]
[WhiteFideId "5708940"]
[BlackFideId "12401102"]
[EventDate "2014.04.04"]

1. e4 c6 2. Nc3 d5 3. Nf3 Bg4 4. h3 Bh5 5. exd5 cxd5 6. Bb5+ Nc6 7. g4 Bg6 8.
Ne5 Rc8 9. h4 Qd6 10. d4 f6 11. Nxg6 hxg6 12. Qd3 Qe6+ 13. Be3 Qxg4 14. Ne2 Kf7
15. Rg1 Qf5 16. Qd2 Qd7 17. Bd3 f5 18. Nf4 Rh6 19. c4 e6 20. a3 Nf6 21. f3 Ne7
22. c5 Rxh4 23. Qg2 Rh6 24. Nh3 Nh5 25. Bxh6 gxh6 26. f4 Bg7 27. Be2 Bxd4 28.
Bxh5 Bxg1 29. Bxg6+ Nxg6 30. Qxg1 Qb5 31. b4 Qd3 0-1

[Event "KL Chess Open 2014"]
[Site "Kuala Lumpur MAS"]
[Date "2014.04.04"]
[Round "1.35"]
[White "Majella, Yoseph R."]
[Black "Singgih, Diajeng Theresa"]
[Result "1-0"]
[WhiteElo "2278"]
[BlackElo "1629"]
[WhiteFideId "7100680"]
[BlackFideId "7104391"]
[EventDate "2014.04.04"]

1. e4 e5 2. Nf3 Nc6 3. Bb5 a6 4. Ba4 Bc5 5. Nxe5 Bxf2+ 6. Kxf2 Nxe5 7. d4 Qh4+
8. g3 Ng4+ 9. Kg2 Qh5 10. h3 N4f6 11. Qxh5 Nxh5 12. Nc3 b5 13. Bb3 Ne7 14. Rf1
O-O 15. e5 Bb7+ 16. Kh2 g6 17. g4 Ng7 18. Bh6 b4 19. Ne2 Bd5 20. Ng3 a5 21. c4
bxc3 22. bxc3 Rfb8 23. c4 a4 24. cxd5 axb3 25. axb3 Rxa1 26. Rxa1 Nxd5 27. Ra5
c6 28. Ra7 Ne6 29. Ne4 Nxd4 30. Kg2 Nxb3 31. Rxd7 Nd4 32. Nd6 Ne6 33. Rxf7 g5
34. Ra7 Ndf4+ 35. Kf1 Nxh3 36. Ne4 Rb1+ 37. Ke2 Nhf4+ 38. Kd2 Nd5 39. Nxg5 Nxg5
40. Rg7+ Kh8 41. Rxg5 Rb7 42. Rf5 Rb8 43. Rf7 Re8 44. Kd3 Kg8 45. e6 Ne7 46. Ke4
Ng6 47. Kf5 c5 48. Kf6 c4 49. Rg7+ Kh8 50. Rxg6 hxg6 51. Kf7 Kh7 52. Bg5 Rg8 53.
e7 Rg7+ 54. Ke6 Rg8 55. Kd7 Kg7 56. e8=Q Rxe8 57. Kxe8 1-0

[Event "KL Chess Open 2014"]
[Site "Kuala Lumpur MAS"]
[Date "2014.04.04"]
[Round "1.36"]
[White "Greenwood, Martin C"]
[Black "Pitra, Andika"]
[Result "0-1"]
[BlackTitle "FM"]
[WhiteElo "1587"]
[BlackElo "2276"]
[WhiteFideId "423670"]
[BlackFideId "7103255"]
[EventDate "2014.04.04"]

1. e4 g6 2. d4 Bg7 3. Nf3 d6 4. Bc4 e6 5. O-O Nf6 6. Re1 O-O 7. Bg5 h6 8. Bh4 g5
9. Bg3 Nc6 10. c3 Nxe4 11. d5 exd5 12. Bxd5 Nxg3 13. hxg3 Ne7 14. Bb3 d5 15.
Nbd2 c6 16. Nf1 Bf5 17. Ne3 Be4 18. Bc2 Qc7 19. Bxe4 dxe4 20. Nd2 Rad8 21. Qc2
f5 22. Rad1 g4 23. Qa4 b5 24. Qc2 Nd5 25. Ndf1 Kh8 26. Rd2 b4 27. c4 Ne7 28.
Red1 Rxd2 29. Qxd2 a5 30. b3 Ng6 31. Qd7 Qxd7 32. Rxd7 Ne5 33. Ra7 Nd3 34. Rxa5
Bd4 35. Nxf5 Bb6 0-1

[Event "KL Chess Open 2014"]
[Site "Kuala Lumpur MAS"]
[Date "2014.04.05"]
[Round "2.2"]
[White "Atalik, Suat"]
[Black "Mariano, Nelson III"]
[Result "1-0"]
[WhiteTitle "GM"]
[BlackTitle "FM"]
[WhiteElo "2562"]
[BlackElo "2318"]
[WhiteFideId "14401487"]
[BlackFideId "5201748"]
[EventDate "2014.04.04"]

1. d4 Nf6 2. c4 c5 3. d5 b5 4. cxb5 a6 5. bxa6 g6 6. Nc3 Bxa6 7. Nf3 d6 8. e4
Bxf1 9. Kxf1 Nbd7 10. g3 Bg7 11. Kg2 O-O 12. a4 Ra6 13. Ra3 Qa8 14. Qc2 Rc8 15.
Rd1 Ng4 16. Bf4 Nb6 17. h3 Bxc3 18. Rxc3 Nf6 19. b3 Nfd7 20. Nd2 f6 21. g4 Ne5
22. Bg3 c4 23. Bxe5 cxb3 24. Nxb3 dxe5 25. Nc5 Ra5 26. d6 exd6 27. Rxd6 Rb8 28.
Qb3+ 1-0

[Event "KL Chess Open 2014"]
[Site "Kuala Lumpur MAS"]
[Date "2014.04.05"]
[Round "2.3"]
[White "Medina, Warda Aulia"]
[Black "Gomez, John Paul"]
[Result "1/2-1/2"]
[WhiteTitle "WGM"]
[BlackTitle "GM"]
[WhiteElo "2332"]
[BlackElo "2524"]
[WhiteFideId "7101570"]
[BlackFideId "5201381"]
[EventDate "2014.04.04"]

1. e4 e5 2. Nf3 Nc6 3. Bc4 Nf6 4. d3 Bc5 5. c3 O-O 6. Bg5 h6 7. Bh4 Be7 8. Nbd2
d6 9. Bb3 Nh5 10. Bg3 Bg4 11. Nf1 Nf4 12. Bxf4 exf4 13. h3 Bh5 14. N1h2 Qc8 15.
Qd2 g5 16. h4 Kg7 17. O-O-O g4 18. Nd4 Nxd4 19. cxd4 Bg6 20. Qxf4 f5 21. e5 c5
22. Kb1 cxd4 23. exd6 Qb8 24. h5 Bxd6 25. Qxd4+ Be5 26. Qd7+ Bf7 27. Qxf5 Bxb3
28. Qg6+ Kh8 29. Qxh6+ Kg8 30. Qg6+ Kh8 31. Qh6+ Kg8 32. Qg6+ Kh8 1/2-1/2

[Event "KL Chess Open 2014"]
[Site "Kuala Lumpur MAS"]
[Date "2014.04.05"]
[Round "2.4"]
[White "Deepan, Chakkravarthy J."]
[Black "Sihite, Chelsie Monica"]
[Result "1-0"]
[WhiteTitle "GM"]
[BlackTitle "WIM"]
[WhiteElo "2515"]
[BlackElo "2281"]
[WhiteFideId "5011132"]
[BlackFideId "7101198"]
[EventDate "2014.04.04"]

1. e4 e5 2. Nf3 Nc6 3. Bb5 f5 4. d3 fxe4 5. dxe4 Bc5 6. O-O Nf6 7. Bxc6 bxc6 8.
Nxe5 O-O 9. Nd3 Bd4 10. e5 Ne4 11. Nd2 d5 12. exd6 Nxd6 13. Nb3 Bb6 14. a4 a5
15. Qh5 Rf5 16. Qe2 c5 17. c4 Ba6 18. Nd2 Nxc4 19. Qe6+ Rf7 20. Nxc4 Qxd3 21.
Qxf7+ Kxf7 22. Ne5+ Kf6 23. Nxd3 Bxd3 24. Bd2 Bxf1 25. Bc3+ Kf7 26. Kxf1 Rd8 27.
Ke2 c4 28. Rd1 Rd6 29. f4 g6 30. Be5 Rxd1 31. Kxd1 Ke6 32. Ke2 Kf5 33. Kf3 h5
34. Bc3 Ke6 35. Ke4 c6 36. g3 Bd8 37. h3 Bf6 38. Bxf6 Kxf6 39. g4 h4 40. Kd4 1-0

[Event "KL Chess Open 2014"]
[Site "Kuala Lumpur MAS"]
[Date "2014.04.05"]
[Round "2.5"]
[White "Sukandar, Irine Kharisma"]
[Black "Venkatesh, M.R."]
[Result "0-1"]
[WhiteTitle "WGM"]
[BlackTitle "GM"]
[WhiteElo "2319"]
[BlackElo "2515"]
[WhiteFideId "7101937"]
[BlackFideId "5005779"]
[EventDate "2014.04.04"]

1. e4 c5 2. Nf3 Nc6 3. d4 cxd4 4. Nxd4 Nf6 5. Nc3 d6 6. Bg5 e6 7. Qd2 a6 8.
O-O-O Bd7 9. f4 b5 10. Bxf6 gxf6 11. Nxc6 Bxc6 12. Qe3 Qe7 13. Bd3 Qa7 14. Qh3
b4 15. Nb1 a5 16. f5 e5 17. Bc4 Rc8 18. Nd2 a4 19. Rhe1 Qd4 20. Kb1 h5 21. Qd3
Qc5 22. Nf1 Bh6 23. b3 Ke7 24. Qe2 h4 25. Rd3 Rcd8 26. Red1 Bg5 27. Nd2 Bxd2 28.
R3xd2 a3 29. Qg4 Qe3 30. Bd3 Qd4 31. c4 bxc3 32. Re2 d5 33. Qh3 dxe4 34. Bc2 Qb4
35. Rde1 Rd2 36. Re3 Qd4 37. Rc1 Rxc2 0-1

[Event "KL Chess Open 2014"]
[Site "Kuala Lumpur MAS"]
[Date "2014.04.05"]
[Round "2.7"]
[White "Turqueza, Mari Joseph"]
[Black "Dzhumaev, Marat"]
[Result "0-1"]
[WhiteTitle "FM"]
[BlackTitle "GM"]
[WhiteElo "2295"]
[BlackElo "2496"]
[WhiteFideId "5204674"]
[BlackFideId "14200236"]
[EventDate "2014.04.04"]

1. d4 Nf6 2. c4 g6 3. g3 Bg7 4. Bg2 O-O 5. Nc3 d6 6. Nf3 c6 7. O-O Qb6 8. Re1
Bg4 9. Nh4 e5 10. h3 Be6 11. d5 cxd5 12. cxd5 Bd7 13. e4 Na6 14. Re2 Rfc8 15.
Nf3 Qd8 16. Be3 b5 17. a3 Nc5 18. Ne1 a5 19. Nd3 Nxd3 20. Qxd3 Rab8 21. b4 axb4
22. axb4 Rc4 23. Na2 Nxe4 24. Bxe4 f5 25. Bg2 f4 26. Ba7 Ra8 27. Nc3 e4 28. Bxe4
Rxc3 29. Qd1 fxg3 30. Raa2 gxf2+ 31. Rxf2 Qg5+ 32. Rg2 Qf4 0-1

[Event "KL Chess Open 2014"]
[Site "Kuala Lumpur MAS"]
[Date "2014.04.05"]
[Round "2.8"]
[White "Nguyen, Huynh Minh Huy"]
[Black "Borsos, Bogdan"]
[Result "1-0"]
[WhiteTitle "IM"]
[BlackTitle "IM"]
[WhiteElo "2474"]
[BlackElo "2247"]
[WhiteFideId "12401269"]
[BlackFideId "14100568"]
[EventDate "2014.04.04"]

1. d4 d5 2. Nf3 c5 3. c4 e6 4. cxd5 exd5 5. g3 Nc6 6. Bg2 Nf6 7. O-O Be7 8. dxc5
O-O 9. a3 Bxc5 10. b4 Be7 11. Nc3 Be6 12. Bb2 Rc8 13. Nd4 Nxd4 14. Qxd4 a5 15.
b5 Rc4 16. Qd3 Qd7 17. Nxd5 Bxd5 18. Bxd5 Rc5 19. Bg2 Qxd3 20. exd3 Rxb5 21. Bc3
Rd8 22. Rfc1 b6 23. a4 Rb3 24. Bf1 Ba3 25. Rab1 Rxb1 26. Rxb1 Nd5 27. Bd4 Bb4
28. Rc1 h6 29. Rc4 Be7 30. Bg2 Bb4 31. Be4 g6 32. Bxd5 Rxd5 33. Rc8+ Bf8 34.
Bxb6 Kg7 35. d4 Bb4 36. Kg2 h5 37. Kf3 f5 38. Ke3 Kf7 39. Kd3 f4 40. gxf4 Rf5
41. Bc7 Ke6 42. Be5 Be1 43. f3 Rf7 44. Rc6+ Kf5 45. Rc5 Bb4 46. Rb5 g5 47. Bb8+
Ke6 48. Rxg5 1-0

[Event "KL Chess Open 2014"]
[Site "Kuala Lumpur MAS"]
[Date "2014.04.05"]
[Round "2.9"]
[White "Safranska, Anda"]
[Black "Murshed, Niaz"]
[Result "1/2-1/2"]
[WhiteTitle "WGM"]
[BlackTitle "GM"]
[WhiteElo "2286"]
[BlackElo "2464"]
[WhiteFideId "11600209"]
[BlackFideId "10200010"]
[EventDate "2014.04.04"]

1. e4 c5 2. d3 Nc6 3. g3 g6 4. Bg2 Bg7 5. f4 e6 6. Nf3 Nge7 7. c3 d5 8. e5 O-O
9. Be3 b5 10. Bf2 Ba6 11. O-O Rc8 12. Re1 Qd7 13. Na3 d4 14. c4 Nb4 15. Nc2 Nxc2
16. Qxc2 Bb7 17. Qd2 a5 18. b3 Bc6 19. Ng5 Bxg2 20. Kxg2 Qc6+ 21. Kg1 Rce8 22.
Re2 Qd7 23. Kf1 Nc6 24. a3 Qe7 25. Ne4 a4 26. Rb1 Ra8 1/2-1/2

[Event "KL Chess Open 2014"]
[Site "Kuala Lumpur MAS"]
[Date "2014.04.05"]
[Round "2.10"]
[White "Das, Arghyadip"]
[Black "Kulkarni, Bhakti"]
[Result "0-1"]
[WhiteTitle "IM"]
[BlackTitle "CM"]
[WhiteElo "2460"]
[BlackElo "2246"]
[WhiteFideId "5003610"]
[BlackFideId "5019516"]
[EventDate "2014.04.04"]

1. g3 f5 2. Bg2 Nf6 3. Nf3 e6 4. O-O d5 5. c4 Bd6 6. d3 O-O 7. Nc3 c6 8. e4 Be7
9. cxd5 cxd5 10. exf5 exf5 11. Nd4 Nc6 12. Be3 Bb4 13. Rc1 Bxc3 14. Rxc3 Bd7 15.
Ne2 Kh8 16. b4 a6 17. a3 Re8 18. h3 Rc8 19. Qd2 Qe7 20. Nd4 Qe5 21. Nf3 Qe7 22.
Rfc1 Be6 23. Bc5 Qd8 24. Nd4 Bd7 25. Nxc6 Bxc6 26. Bd4 Qd6 27. Qg5 Qe6 28. h4
Rc7 29. Bh3 Ng4 30. Qf4 Rf7 31. Kh1 Kg8 32. R3c2 Bb5 33. Rd2 Bc6 34. Kg2 Nh6 35.
Rdd1 Ng4 36. Rd2 Ne5 37. Qxe5 Qxe5 38. Bxe5 Rxe5 39. d4 Re4 40. Kh2 f4 41. Bf1
Rf6 42. g4 f3 43. Kg3 Rff4 44. Bxa6 Rxg4+ 45. Kxf3 Rxh4 46. b5 Be8 47. Rc8 bxa6
48. bxa6 Rh3+ 49. Kg2 Rxa3 50. Rd8 Re6 0-1

[Event "KL Chess Open 2014"]
[Site "Kuala Lumpur MAS"]
[Date "2014.04.05"]
[Round "2.11"]
[White "Hoang, Thi Bao Tram"]
[Black "Nguyen, Anh Dung"]
[Result "0-1"]
[WhiteTitle "WGM"]
[BlackTitle "GM"]
[WhiteElo "2280"]
[BlackElo "2453"]
[WhiteFideId "12401102"]
[BlackFideId "12400025"]
[EventDate "2014.04.04"]

1. Nf3 Nf6 2. g3 d5 3. Bg2 c6 4. O-O Bf5 5. d3 e6 6. c4 Nbd7 7. Be3 Bd6 8. Nc3
O-O 9. Qb3 Qb8 10. Rac1 h6 11. cxd5 exd5 12. Rfe1 Re8 13. Bd4 Bh7 14. a3 Re7 15.
Qa2 Qe8 16. b4 a6 17. Qb2 Qf8 18. Nd1 Ng4 19. Ne3 Nxe3 20. Bxe3 Rae8 21. Qd2 Ne5
22. Nd4 g5 23. Nb3 f5 24. Bc5 Bxc5 25. Nxc5 f4 26. a4 f3 27. Bxf3 Qxf3 28. d4
Nc4 0-1

[Event "KL Chess Open 2014"]
[Site "Kuala Lumpur MAS"]
[Date "2014.04.05"]
[Round "2.12"]
[White "Laxman, R.R."]
[Black "Liew, Chee-Meng Jimmy"]
[Result "1/2-1/2"]
[WhiteTitle "GM"]
[BlackTitle "IM"]
[WhiteElo "2449"]
[BlackElo "2216"]
[WhiteFideId "5005361"]
[BlackFideId "5700019"]
[EventDate "2014.04.04"]

1. d4 d5 2. c4 e6 3. Nf3 Nf6 4. g3 Be7 5. Bg2 dxc4 6. Qa4+ Bd7 7. Qxc4 Bc6 8.
O-O O-O 9. Nc3 a6 10. Bg5 b5 11. Qd3 Nbd7 12. a3 Bb7 13. b4 Nd5 14. Bxe7 Qxe7
15. Ne4 f5 16. Nc5 Nxc5 17. bxc5 Nf6 18. Ne5 Bxg2 19. Kxg2 Qd8 20. f3 Qd5 21. h3
Rad8 22. Rfd1 Nd7 23. Nxd7 Qxd7 24. e4 fxe4 25. fxe4 c6 26. Rd2 Qe7 27. Qe3 Qf6
28. Rad1 h6 29. Rf2 Qxf2+ 30. Qxf2 Rxf2+ 31. Kxf2 Kf7 32. Ke3 Ke7 33. a4 Rb8 34.
Rb1 Kf6 35. d5 exd5 36. exd5 Ke5 37. dxc6 Kd5 38. axb5 axb5 39. c7 Rc8 40. Rxb5
Rxc7 41. Kf4 Rf7+ 42. Kg4 Ra7 43. h4 Kc6 44. Rb3 Kxc5 45. Rd3 g5 46. h5 Rf7 47.
Rd8 Rf6 48. Rd7 Kc6 49. Rd3 Kc5 50. Rd7 Kc6 51. Rd8 Kc7 52. Rd5 Kc6 53. Rf5 Rd6
54. Rf7 Rd4+ 55. Kf5 Rd3 56. g4 Rf3+ 57. Kg6 Rf4 58. Re7 Kd6 59. Re8 Rxg4 60.
Kxh6 Rh4 61. Kg6 g4 62. Re4 Kd5 63. Ra4 Rh2 64. Rxg4 Ra2 65. h6 Ra6+ 66. Kh5 Ra7
67. Rg7 Ra1 68. h7 Rh1+ 69. Kg6 Ke6 70. Rg8 Rg1+ 71. Kh6 Rh1+ 72. Kg7 Rg1+ 73.
Kf8 Rf1+ 74. Ke8 Ra1 75. Rg6+ Kf5 76. Rh6 Ra8+ 77. Ke7 Ra7+ 78. Kd8 Ra8+ 79. Kd7
Ra7+ 80. Kd8 Ra8+ 81. Kc7 Rh8 82. Kd6 Kg5 83. Rh1 Kg6 84. Ke6 Rxh7 85. Rg1+ 1/2-1/2